| 000 | 01119cam a2200265 i 4500 | ||
|---|---|---|---|
| 003 | SA-RiAUC | ||
| 005 | 20250929112929.0 | ||
| 008 | 250924s2000 su g 00010 ara c | ||
| 020 | _a9960726428 | ||
| 040 |
_aSA-RiAUC _bara _cSA-RiAUC _erda |
||
| 082 | 0 | 4 | _a091.1 |
| 090 |
_a091.1 _bا ب و ص |
||
| 100 | 1 |
_aأبو صفية، جاسر خليل، _d1942- _eمؤلف. |
|
| 245 | 1 | 0 |
_aأهمية البرديات في التاريخ الإسلامي / _cجاسر أبو صفية. |
| 264 | 1 |
_aالرياض : _bمركز الملك فيصل للبحوث والدراسات الإسلامية، _c2000 |
|
| 300 |
_a24 صفحة؛ _c24 سم. |
||
| 336 |
_aنص _btxt _2rdacontent _3كتاب |
||
| 337 |
_aبدون وسيط _bn _2rdamedia |
||
| 338 |
_aمجلد _bnc _2rdacarrier |
||
| 500 | _aألقيت هذه المحاضرة بمركز الملك فيصل للبحوث والدراسات الإسلامية في 17 / 1 / 1420 هـ. | ||
| 650 | 7 |
_aالتاريخ الإسلامي _2aucsh |
|
| 650 | 7 |
_aالمخطوطات العربية _2aucsh |
|
| 942 |
_2ddc _cBOOK _n0 |
||
| 949 |
_aSA-JeALM _d250924 _umohamedma123 _n1 |
||
| 999 |
_c12188 _d12188 |
||